Medzinárodné financie
Recenzia publikácie: Janovská, A.: Medzinárodné financie. Publikácia je rozdelená na 5 častí a 14 kapitol: Platobná bilancia a menové kurzy, Devízové trhy, Medzinárodné investovanie, Medzinárodná menová integrácia, Medzinárodná likvidita a medzinárodný platobný styk.
Salvato in:
| Autore principale: | |
|---|---|
| Natura: | Capitolo di libro |
| Lingua: | slovacco |
| Soggetti: | |
| Tags: |
Nessun Tag, puoi essere il primo ad aggiungerne!!
|
MARC
| LEADER | 00000naa$a2200000$$$4500 | ||
|---|---|---|---|
| 001 | 0005630 | ||
| 005 | 20240502071349.6 | ||
| 041 | 0 | |a slo | |
| 044 | |a SK | ||
| 245 | 1 | 0 | |a Medzinárodné financie |c Eva Horvátová |
| 520 | |a Recenzia publikácie: Janovská, A.: Medzinárodné financie. Publikácia je rozdelená na 5 častí a 14 kapitol: Platobná bilancia a menové kurzy, Devízové trhy, Medzinárodné investovanie, Medzinárodná menová integrácia, Medzinárodná likvidita a medzinárodný platobný styk. | ||
| 610 | 2 | 0 | |a recenzie |
| 610 | 2 | 0 | |a financie medzinárodné |
| 610 | 2 | 0 | |a bilancia platobná |
| 610 | 2 | 0 | |a kurz menový |
| 610 | 2 | 0 | |a trh devízový |
| 610 | 2 | 0 | |a investície priame zahraničné |
| 610 | 2 | 0 | |a integrácia menová |
| 610 | 2 | 0 | |a styk platobný medzinárodný |
| 100 | 1 | |a Horvátová, Eva, 1958- | |